01047nas a22002297a 450000500170000000700120001700800410002902200140007004000090008408200160009321000410010924500970015026000380024730000160028531000150030136500160031650003090033265001190064165100100076065500140077085600330078420200521140917.0cz aa aaaaa200428c b||poo|||| 00| 0 eng d a2456-5067 coclc a796bJOU/PE aInt. J. Yoga Physiother. Phys. Educ. aInternational Journal of Yoga, Physiotherapy and Physical Educationhe-Journal (Open Access) bGupta PublicationsaDelhi, India  aPDF(online) aBi-Monthly eOpen Access aInternational Journal of Yoga, Physiotherapy and Physical Education is a Peer Reviewed Journal. Prime Focus of the Journal is to publish articles related to the current trends of research. This Journal provides platform with the aim of motivating students and personnel in Sports and Physical Education.  0aPhysical Education and SportsbArts & recreationvRecreational & performing artxAthletic & outdoor sports & games 0aIndia 0ae-Journal uhttp://www.sportsjournal.in/